| 000 | 00609nam a2200229 a 4500 | ||
|---|---|---|---|
| 008 | |||
| 049 | 9 | 9 | _aMAIN |
| 090 |
_aRL248 _bODE |
||
| 100 | 1 | _aOdendaal .E. | |
| 245 | 1 | 0 |
_aSkin Rejuvenation/ _cE.Odendaal [and] H.C. Ross |
| 260 |
_aCity Print : _bE Odendaal and Dr Hc Roos, _c1995 |
||
| 300 |
_a106 p. : _c22 cm. |
||
| 500 | _aIncludes index | ||
| 650 | 1 |
_aSkin _xrejuvenation |
|
| 650 | 1 | _aSunburn. | |
| 700 | _aRoss,H,.C. | ||
| 907 |
_a.b10395192 _b23-11-18 _c16-11-18 |
||
| 003 | |||
| 005 | 20230120144459.0 | ||
| 040 | _cNUST | ||
| 942 |
_cBOOKS _kRL248 _mODE |
||
| 999 |
_c97614 _d97614 |
||